000 00330nam a22001337a 4500
020 _a9780070599529
082 _a808.0666021 RIZ
100 _aM. Ashraf Rizvi
245 _aEffective technical communication
260 _aNew Delhi
_bMcGraw Hill
_c2014
300 _a545p.
_bill.;
650 _aTechnical communication
942 _cBK
999 _c13536
_d13536